Biografía del Caribe
Gespeichert in:
| 1. Verfasser: | |
|---|---|
| Format: | Buch |
| Sprache: | Spanisch |
| Veröffentlicht: |
Buenos Aires
Sudamericana
1963
|
| Ausgabe: | 1a. ed |
| Schriftenreihe: | Colección Piragua
|
| Schlagworte: | |
| Tags: |
Tag hinzufügen
Keine Tags, Fügen Sie den ersten Tag hinzu!
|
MARC
| LEADER | 00000cam a2200000 a 4500 | ||
|---|---|---|---|
| 001 | UCU4471 | ||
| 003 | CL-VaPUC | ||
| 008 | 960524e19630000AG |||||||||||||||||spa|d | ||
| 082 | 0 | 4 | |a 972.9 |b ARC |2 21 |
| 100 | 0 | |a Arciniegas, Germán |e author |9 468365 | |
| 245 | 1 | 0 | |a Biografía del Caribe |
| 250 | |a 1a. ed | ||
| 300 | |a 461 p | ||
| 942 | |c BK | ||
| 945 | |d 19960524 00:00:00 |a mcarcey | ||
| 260 | |a Buenos Aires |b Sudamericana |c 1963 | ||
| 650 | 7 | |a HISTORIA SIGLO 16 |2 CL-VaPUC |9 266637 | |
| 650 | 0 | |a Monarquía |9 255259 | |
| 650 | 0 | |a Libertad |9 255686 | |
| 650 | 7 | |a DESCUBRIMIENTOS |2 CL-VaPUC |9 319676 | |
| 651 | 0 | |a América Central |9 255026 | |
| 583 | |a last modification |c 20150527 02:27:22 |k Rodrigo Vera | ||
| 490 | 0 | |a Colección Piragua | |
| 999 | |c 299884 |d 299882 | ||
| 952 | |0 0 |1 0 |4 0 |6 972_900000000000000_ARC_1963 |7 0 |8 A |9 356892 |a BIBEDU |b BIBEDU |d 2019-11-21 |i 3202895 |o 972.9 ARC 1963 |p 3202895 |r 2019-11-21 |w 2019-11-21 |y BK |k LIT | ||
| 952 | |0 0 |1 0 |4 0 |6 972_900000000000000_ARC_1963 |7 0 |8 A |9 356893 |a BIBEDU |b BIBEDU |d 2019-11-21 |i 4143612 |o 972.9 ARC 1963 |p 4143612 |r 2019-11-21 |w 2019-11-21 |y BK |k LIT | ||
| 952 | |0 0 |1 0 |3 erb |4 0 |6 972_900000000000000_ARC_1963 |7 0 |8 A |9 356894 |a BIBEDU |b BIBEDU |e Villagrán Garnham, Jorge |i 5176549 |o 972.9 ARC 1963 |p 5176549 |r 2019-11-21 |w 2019-11-21 |y BK |z Catalogado en:20150529 |k LIT | ||